000 00654nam a2200229Ia 4500
003 OSt
005 20220928123949.0
006 a|||||r|||| 00| 0
007 ta
008 220927b |||||||| |||| 00| 0 eng d
024 _a41596
037 _cTextual
040 _aSDCL
_cSDCL
_beng
041 _2eng
_aeng
082 _aX64.2'N9, P0
100 _aGopalan M Santhana
_9462724
245 0 _aIndian money market
_b Structure,operation and development.
260 _aNew Delhi
_bDeep and Deep Publications
_c2000
300 _axv,288p
_ccm.
942 _hX64.2'N9, P0
_cTEXL
_2CC
999 _c775686
_d775686